000 00297nam a2200109Ia 4500
008 220204s9999 xx 000 0 und d
082 _a678:541.14
_bDEV.3
245 0 _aDevelopments in polymer photochemistry. 3
260 _aLondon
_bApplied Science
_c1982
700 _aAllen, Norman S
942 _cBK
999 _c39209
_d39209